Princíp otvorenosti ako špecifický prejav globalizácie v priestore Európskej únie

Využitie princípu otvorenosti pri spolupráci členských štátov Európskej únie v oblasti podpory vedy a výskumu v podobe otvorenej metódy koordinácie v nadväznosti na relatívne novú inovačnú stratégiu známu ako otvorená inovácia.

Salvato in:
Dettagli Bibliografici
Autore principale: Zaušková, Anna
Altri autori: Madleňák, Adam
Natura: Capitolo di libro
Lingua:slovacco
Soggetti:
Tags: Aggiungi Tag
Nessun Tag, puoi essere il primo ad aggiungerne!!

MARC

LEADER 00000nla a2200000 4500
001 0178444
005 20221020085321.8
041 0 |a slo 
044 |a SK 
245 1 0 |a Princíp otvorenosti ako špecifický prejav globalizácie v priestore Európskej únie  |c Anna Zaušková, Adam Madleňák 
520 |a Využitie princípu otvorenosti pri spolupráci členských štátov Európskej únie v oblasti podpory vedy a výskumu v podobe otvorenej metódy koordinácie v nadväznosti na relatívne novú inovačnú stratégiu známu ako otvorená inovácia. 
610 2 0 |a inovácia 
610 2 0 |a benchmarking 
610 2 0 |a konkurencieschopnosť 
610 2 0 |a spoločnosť vedomostná 
610 2 0 |a spolupráca medzinárodná 
610 2 0 |a Európska únia 
100 1 |a Zaušková, Anna 
700 1 |a Madleňák, Adam